Most Popular Songs in USA 5/2/2026 - Statistics

General Stats
  • This quiz has been taken 10 times
  • The average score is 8 of 15
Answer Stats
Rank Artist (Version) Answer Streams Radio Airplay Sales % Correct
9. HUNTR/X Golden 13 Million 48.8 Million 2 Thousand
89%
6. Alex Warren Ordinary 13 Million 48.8 Million 2 Thousand
89%
1. Olivia Rodrigo drop dead 28.5 Million 23.8 Million 45 Thousand
67%
4. Olivia Dean Man I Need 12.6 Million 63.9 Million 2 Thousand
67%
13. PinkPantheress, Zara Larsson Stateside 11.8 Million 24 Million 0.5 Thousand
67%
11. Justin Bieber, Nicki Minaj Beauty And A Beat 15.3 Million 0.8 Million 3 Thousand
56%
2. Ella Langley Choosin' Texas 28.1 Million 44.1 Million 8.5 Thousand
56%
14. Taylor Swift The Fate Of Ophelia 8.6 Million 42.2 Million 1 Thousand
56%
8. Justin Bieber Daisies 15.8 Million 18.3 Million 2.5 Thousand
44%
7. Olivia Dean So Easy (To Fall In Love) 10.5 Million 59.3 Million 1.5 Thousand
44%
10. Kehlani Folded 6.3 Million 66.7 Million 0.4 Thousand
33%
3. Bruno Mars I Just Might 11.1 Million 77 Million 2.5 Thousand
33%
12. Justin Bieber Yukon 10.7 Million 29.7 Million 1 Thousand
33%
5. Ella Langley Be Her 18.2 Million 23.2 Million 3 Thousand
11%
15. Bruno Mars Risk It All 10.3 Million 28.9 Million 1.5 Thousand
11%
No matching quizzes found
Score Distribution
Percent of People with Each Score
Percentile by Number Answered
Your Score History
You have not taken this quiz